000 00778nam a2200229Ia 4500
003 GCL
008 140319s9999 xx 000 0 ara d
040 _aGCL /
_cGCL
082 0 4 _a355.42
_bب م
100 1 _aمصطفى طلاس
245 1 0 _aالمذهب العسكرى الالمانى 1750 - 1945 /
_cمصطفى طلاس
700 1 _aبسام المسلمى
260 _a[S.N] :
_bطلاس للدراسات والترجمة والنشر ،
_c1987
300 _a546 ص
490 _a
650 0 4 _aالمانيا
650 0 4 _aالعسكرية
650 0 4 _aالحروب النابليونية (1790 - 181
650 0 4 _aالحرب العالمية الاولى 1914- 1918
650 0 4 _aالحرب العالمية الثانية 1939 - 1945
942 _2ddc
_cBK
999 _c35316
_d35316